000 00395nam a2200145Ia 4500
005 20251222141939.0
008 251222s9999||||xx |||||||||||||| ||spa||
020 _a99726150279
082 _a348.56/V33
100 _aVarsi Rospigliosi, Enrique
245 0 _aDerecho y Manipulación Genética
250 _a1ra.ed.
264 _bUniversidad de Lima Fondo de Desarrollo Editorial
942 _cLIB
999 _c9283
_d9283